|
|
|
|
| LEADER |
00000cam a2200000 7i4500 |
| 001 |
0000057106 |
| 005 |
20151217.0 |
| 008 |
151217 |
| 020 |
|
|
|a 9789832957737
|
| 090 |
0 |
0 |
|a 371.958
|b MOH
|
| 100 |
0 |
|
|a Mohamad Sahari Nordin
|
| 245 |
1 |
0 |
|a Teachers' orientation to students' note-taking strategy to facilitate thoughtful learning
|c Mohamad Sahari Nordin, Hassan Langgulung
|
| 260 |
|
|
|a Kuala Lumpur :
|b International Islamic University Malaysia ,
|c 2005
|
| 300 |
|
|
|a 114pg.
|
| 650 |
|
0 |
|a Educations
|
| 999 |
|
|
|a 0000000952
|b Book
|c Adult Collection
|e Cawangan Muar
|
| 999 |
|
|
|a 0000946827
|b Book
|c Adult Collection
|e Cawangan Bandar Tenggara
|
| 999 |
|
|
|a 0000946828
|b Book
|c Adult Collection
|e Cawangan Bandar Tenggara
|